000 00433nam a2200157Ia 4500
008 220216s9999 xx 000 0 und d
100 _aHan In-Su
245 0 _aOptimal curing of rubber compounds with reversion type cure behavior
260 _bRubber Chemistry and Technology
_c2000
300 _a101-113
650 _aCuring
650 _aRubber compounds
700 _aChung Chang-Bock
700 _aLee Jae-Woo
942 _cJS
999 _c64411
_d64411